Automobilové sedadlo pre seniorov

Na minha lista:
Detalhes bibliográficos
Autor principal: Francová, Júlia (Author)
Outros Autores: Hasa, Richard (Thesis advisor)
Formato: Manuscrito Livro
Idioma:eslovaco
Publicado em: 2016
Assuntos:
Acesso em linha:http://is.stuba.sk/zp/portal_zp.pl?podrobnosti=132963
Tags: Adicionar Tag
Sem tags, seja o primeiro a adicionar uma tag!

MARC

LEADER 00000ntm a22000003a 4500
001 stuzp58363
003 SK-STU
005 20160719155536.2
007 ta
008 150427s2015----xo-----f-mn---000-0-slo-d
040 |a STU  |b slo 
041 0 |a slo 
100 1 |a Francová, Júlia  |u 020030  |4 aut  |U SjF Strojnícka fakulta  |T SjF Ústav dopravnej techniky a konštruovania  |X 73217  |U J0030  |Y 806  |7 73217 
242 0 1 |a Car seat for seniors  |y eng 
245 1 0 |a Automobilové sedadlo pre seniorov 
260 |c 2016 
650 4 |a bezpečnosť  |2 slo 
650 4 |a výsuvný mechanizmus  |2 slo 
650 4 |a vibrácie  |2 slo 
650 4 |a sedadlo  |2 slo 
650 4 |a komfort  |2 slo 
650 4 |a seat  |2 eng 
650 4 |a safety  |2 eng 
650 4 |a comfort  |2 eng 
650 4 |a eject mechanism  |2 eng 
650 4 |a vibrations  |2 eng 
700 1 |a Hasa, Richard  |u 020000  |k Z3  |4 ths  |T SjF Strojnícka fakulta  |X 68013  |U J  |Y 20  |7 A000068013 
856 4 |u http://is.stuba.sk/zp/portal_zp.pl?podrobnosti=132963 
996 |b 284J044914  |c J* 2544/BP  |l JJSK  |s A  |a 24  |w stuzp58363_0001 
SQL |a stuzp58363  |b DBP  |c SLO  |d Automobilové sedadlo pre seniorov  |e 73217  |f Francová, Júlia  |g 020030  |h 68013  |i Hasa, Richard  |j 20160614  |k 1125  |l 02  |m http://is.stuba.sk/zp/portal_zp.pl?podrobnosti=132963  |n B-AMPS  |o 5.2.3. dopravné stroje a zariadenia